000
00330nam a2200133Ia 4500
008
220204s9999 xx 000 0 und d
082
_a
772.1
_b
ROT
100
_a
Weyde, Andre
245
0
_a
Photographic silver halide diffusion processes
260
_a
London
_b
Focal
_c
1972
505
_a
Set price
700
_a
Edith
942
_c
BK
999
_c
35989
_d
35989